LEAN six sigma in the latex industry (Record no. 62147)

MARC details
000 -LEADER
fixed length control field 00406nam a2200133Ia 4500
100 ## - MAIN ENTRY--AUTHOR NAME
Personal name Klaasse Sandy
245 #0 - TITLE STATEMENT
Title LEAN six sigma in the latex industry
260 ## - PUBLICATION, DISTRIBUTION, ETC. (IMPRINT)
Name of publisher 6th Annual International Latex Conference, Hilton Akron/Fairlawn, July 29-30, 2003
650 ## - SUBJECT ADDED ENTRY--TOPICAL TERM
Topical Term Latex industry
650 ## - SUBJECT ADDED ENTRY--TOPICAL TERM
Topical Term Sigma methodology
856 ## - ELECTRONIC LOCATION AND ACCESS
Uniform Resource Identifier Copy of article
942 ## - ADDED ENTRY ELEMENTS (KOHA)
Koha item type Journals
Holdings
Withdrawn status Lost status Damaged status Not for loan Home library Current library Shelving location Date acquired Koha item type
      Journals RRII Library RRII Library Rubber chemistry 17/12/2021 Journals